| 000 | 00777nam a2200229Ia 4500 | ||
|---|---|---|---|
| 005 | 20250108124848.0 | ||
| 008 | 008 250107s9999 xx 000 0 hin d | ||
| 020 | _a978-0-143-42510-6 | ||
| 037 | _aTB | ||
| 040 |
_aCRL _bhin _cCRL |
||
| 041 |
_ahin _2hin |
||
| 084 | _aO152,3N45x Q5 | ||
| 084 | _qCRL | ||
| 100 | _aभंडारी, मन्नू, ले. | ||
| 245 | 0 |
_aएक कहानी यह भी _cभंडारी, मन्नू, ले. |
|
| 260 |
_aदिल्ली, भारत _bराधाकृष्ण _c2477 |
||
| 300 | _a226पृ0 | ||
| 365 |
_aINR _b200 |
||
| 650 |
_aहिन्दी कहानीहिन्दी साहित्य _9729733 |
||
| 942 |
_cTB _hO152,3N45x Q5 |
||
| 999 |
_c1234865 _d1234865 |
||